Govt. of
Madhya Pradesh

African In The 21 Century A futuristic Exercise (Record no. 49343)

MARC details
000 -LEADER
fixed length control field 003710000a22001570004500
001 - CONTROL NUMBER
control field 000036
003 - CONTROL NUMBER IDENTIFIER
control field MACL
040 ## - CATALOGING SOURCE
Original cataloging agency MACL
090 ## - LOCALLY ASSIGNED LC-TYPE CALL NUMBER (OCLC); LOCAL CALL NUMBER (RLIN)
-- 36
-- 36
100 ## - MAIN ENTRY--PERSONAL NAME
Personal name Agrawal, Sushil
245 ## - TITLE STATEMENT
Title African In The 21 Century A futuristic Exercise
Statement of responsibility, etc. Sushil Agrawal
260 ## - PUBLICATION, DISTRIBUTION, ETC. (IMPRINT)
Place of publication, distribution, etc. Printwell Publiser Distributer,
Date of publication, distribution, etc. 1998
350 ## - PRICE (NR) (BK AM CF MU VM SE) [OBSOLETE]
Price 475
650 ## - SUBJECT ADDED ENTRY--TOPICAL TERM
Topical term or geographic name as entry element History
942 ## - ADDED ENTRY ELEMENTS (KOHA)
Call number prefix 901
Koha item type Library Membar

No items available.